书目信息 |
| 题名: |
航空武器发展史
|
|
| 作者: | 孙连山 , 梁学明, 编著 | |
| 分册: | ||
| 出版信息: | 北京 航空工业出版社 2004.11 |
|
| 页数: | XI,447页 | |
| 开本: | 26cm | |
| 丛书名: | 院士专家科普系列 | |
| 单 册: | ||
| 中图分类: | E926 | |
| 科图分类: | ||
| 主题词: | 航空兵器--hang kong bing qi--发展史 , 发展史--fa zhan shi , 航空兵器--hang kong bing qi | |
| 电子资源: | ||
| ISBN: | 7-80183-499-2 | |
| 000 | 01227nam 2200313 450 | |
| 001 | CAL 012006066136 | |
| 005 | 20061113151646.31 | |
| 010 | @a7-80183-499-2@dCNY52.00 | |
| 100 | @a20061012d2004 em y0chiy0120 ea | |
| 101 | 0 | @achi |
| 102 | @aCN@b110000 | |
| 105 | @aa a 000yy | |
| 200 | 1 | @a航空武器发展史@Ahang kong wu qi fa zhan shi@f孙连山, 梁学明编著 |
| 210 | @a北京@c航空工业出版社@d2004.11 | |
| 215 | @aXI,447页@c图@d26cm | |
| 225 | 2 | @a院士专家科普系列@Ayuan shi zhuan jia ke pu xi lie |
| 314 | @a梁学明(1972-), 硕士, 毕业于空军工程大学, 从事航空军械、导弹专业的研究工作, 合著《航空武器发展史》。 | |
| 314 | @a孙连山, 高级工程师, 毕业于北京工业学院自动控制系, 从事航空军械研究工作, 合著《航空武器发展史》。 | |
| 320 | @a有书目 | |
| 330 | @a本书讲述了广泛使用的航空自动武器、航空炸弹、航空火箭弹、空空导弹、空地导弹等武器的基本知识, 以及历史发展状况和技术特点。 | |
| 410 | 0 | @12001 @a院士专家科普系列 |
| 606 | 0 | @a航空兵器@Ahang kong bing qi@x发展史 |
| 606 | 0 | @a发展史@Afa zhan shi |
| 606 | 0 | @a航空兵器@Ahang kong bing qi |
| 690 | @aE926@v4 | |
| 701 | 0 | @a孙连山@Asun lian shan@4编著 |
| 701 | 0 | @a梁学明,@Aliang xue ming@f1972-@4编著 |
| 801 | 0 | @aCN@c20061113 |
| 905 | @a10447@dE926@eS930 | |
| 航空武器发展史/孙连山, 梁学明编著.-北京:航空工业出版社,2004.11 |
| XI,447页:图;26cm.-(院士专家科普系列) |
| ISBN 7-80183-499-2:CNY52.00 |
| 本书讲述了广泛使用的航空自动武器、航空炸弹、航空火箭弹、空空导弹、空地导弹等武器的基本知识, 以及历史发展状况和技术特点。 |
| ● |
| 相关链接 |
|
|
|
正题名:航空武器发展史
索取号:E926/S930
 
预约/预借
| 序号 | 登录号 | 条形码 | 馆藏地/架位号 | 状态 | 备注 |
| 1 | 636774 | 206367741 | 社科库509/509社科库 127排2列1层/ [索取号:E926/S930] | 在馆 |